UM Logo

Attitude to prenatal care and birthing condition of mothers in Digos City maternity and lying-in clinic/ (Record no. 2062)

MARC details
000 -LEADER
fixed length control field 00616nam a22001577a 4500
008 - FIXED-LENGTH DATA ELEMENTS--GENERAL INFORMATION
fixed length control field 160427b xxu||||| |||| 00| 0 eng d
082 ## - DEWEY DECIMAL CLASSIFICATION NUMBER
Edition number 2011
Classification number UT 0290
Item number Ag12
100 ## - MAIN ENTRY--PERSONAL NAME
9 (RLIN) 6645
Personal name Agabelin, Cherry Anne P.
245 ## - TITLE STATEMENT
Title Attitude to prenatal care and birthing condition of mothers in Digos City maternity and lying-in clinic/
Statement of responsibility, etc. Cherry Anne P. Agabelin, Hannyche D. Gelaga and Keity L. Gallofin.
260 ## - PUBLICATION, DISTRIBUTION, ETC. (IMPRINT)
Place of publication, distribution, etc. Digos City:
Name of publisher, distributor, etc. UMDC
Date of publication, distribution, etc. May 2011
300 ## - PHYSICAL DESCRIPTION
Extent 49 pages;
Dimensions 28 cm.
650 #0 - SUBJECT ADDED ENTRY--TOPICAL TERM
9 (RLIN) 6643
Topical term or geographic name as entry element Nursing
General subdivision Undergraduate thesis.
700 ## - ADDED ENTRY--PERSONAL NAME
9 (RLIN) 6640
Personal name Gelaga, Hannyche D.
700 ## - ADDED ENTRY--PERSONAL NAME
9 (RLIN) 6641
Personal name Gallofin, Kiety L.
942 ## - ADDED ENTRY ELEMENTS (KOHA)
Source of classification or shelving scheme Dewey Decimal Classification
Koha item type Undergraduate Thesis
Holdings
Withdrawn status Lost status Source of classification or shelving scheme Damaged status Not for loan Collection code Home library Current library Date acquired Total Checkouts Full call number Barcode Date last seen Price effective from Koha item type
    Dewey Decimal Classification     Undergraduate Theses UM Digos College - LIC UM Digos College - LIC 04/27/2016   UT 0290 Ag12 2011 UT0290 04/27/2016 04/27/2016 Undergraduate Thesis